000 00636nam a2200217Ia 4500
005 20221201114642.0
008 131103s9999 xx 000 0 und d
020 _a8174360115 (set)
_cRs.595 for the set of two vols
040 _aLoreto College
041 _aEnglish
082 _a954.04
_bHAS
245 _aIndia partitioned
_b The other face of freedom Vol II
_cedited by Mushirul Hasan
250 _aJubilee Edition
260 _aNew Delhi
_bRoli Books
_c1997
300 _a298 p.
504 _aIncludes glossary
650 _aPartition of India - History
700 _aHasan,Mushirul;ed.
850 _aLCLIB
942 _cBK
999 _c10072
_d60551